Normal view
MARC view
- Thomas H. Meyer
Entry Personal Name
001 - CONTROL NUMBER
- control field: 133985
003 - CONTROL NUMBER IDENTIFIER
- control field: NUST
005 - DATE AND TIME OF LATEST TRANSACTION
- control field: 20260408122218.0
008 - FIXED-LENGTH DATA ELEMENTS
- fixed length control field: 260408|| aca||aabn | a|a d
040 ## - CATALOGING SOURCE
- Original cataloging agency: NUST
- Transcribing agency: NUST
100 ## - HEADING--PERSONAL NAME
- Personal name: Thomas H. Meyer
670 ## - SOURCE DATA FOUND
- Source citation: Work cat.: (NUST): Thomas H. Meyer., Introduction to Geometrical and Physical Geodesy: Foundations of Geomatics /, 2010.
